000 00623nam a2200265Ia 4500
005 20260324153058.0
008 008 260324s9999 xx 000 0 eng d
020 _a9780857090560
037 _aEBOOK
040 _aCRL
040 _beng
040 _cCRL
041 _2eng
041 _aeng
084 _qCRL
100 _aChapman, R
_91230528
245 0 _aSmart Textiles for Protection
260 _bElsevier
260 _c2013
650 _aMaterials Science
856 _uhttps://www.sciencedirect.com/science/book/9780857090560
942 _cEBOOK
999 _c1841705
_d1841705